Šesťdesiat slovenských ľudových piesní pre 1 alebo 2 huslí v ľahkej úprave

Bibliographic Details
Other Authors: Kořínek, Viliam, 1915-2006 (Compiler, Editor)
Format: Musical Score Book
Language:Slovak
PhysicalDescription:2 hlasy (20, 16 s.) 31 cm
Published: Bratislava Hudobný fond 2015
Edition:2. vyd.
Subjects:

MARC

LEADER 00000ncm a2200000 a 4500
001 vtls011428321
003 SK-MaSNL
005 20260301183634.0
007 qu
008 160430s2015 xo fmneg slo
015 |a SNBH2018 
024 2 |a 9790685030096 (hrebeň. väzba) 
028 3 1 |a HC 1201  |b Hudobný fond 
040 |a SNK  |b slo  |c SNK  |e AACR2 
041 0 |a slo 
044 |a xo  |c SK 
048 |a sa02 
072 7 |a 787  |x Hudba pre strunové a sláčikové nástroje  |2 konspekt 
080 |a 787.1:784.4.088(=162.4)  |2 2011 
080 |a 787.1.088:785.72  |2 2011 
080 |a 78.087.5  |2 2011 
080 |a 787.1.087.5  |2 2011 
080 |a 78.087  |2 2011 
084 |a 1.1.1  |2 snlmc 
245 0 0 |a Šesťdesiat slovenských ľudových piesní pre 1 alebo 2 huslí v ľahkej úprave  |h hudobnina  |c zostavil a revidoval Viliam Kořínek 
250 |a 2. vyd. 
254 |a Hlasy 
260 |a Bratislava  |b Hudobný fond  |c 2015 
300 |a 2 hlasy (20, 16 s.)  |c 31 cm 
366 |e 1000 výt. 
382 |a husle [2] 
650 0 7 |a slovenské ľudové piesne (husle (2)), úpravy  |2 SNKPH  |9 559155 
650 0 7 |a duá (husle (2)), úpravy  |2 SNKPH  |9 559156 
650 0 7 |a inštruktívne skladby  |2 SNKPH  |9 66833 
650 0 7 |a inštruktívne skladby (husle (2))  |2 SNKPH  |9 559157 
650 0 7 |a Instructive compositions  |2 SNKPHeng  |9 303217 
650 0 7 |a Instructive compositions (violin (2)), arrangement  |2 SNKPHeng  |9 559158 
650 0 7 |a Slovak folk songs (violin (2)), arrangement  |2 SNKPHeng  |9 559159 
650 0 7 |a Duets (violin (2)), arrangement  |2 SNKPHeng  |9 559160 
655 7 |a hlasy  |2 SNKPH  |9 322613 
655 7 |a Parts  |2 SNKPHeng  |9 559161 
700 1 |a Kořínek, Viliam,  |d 1915-2006  |4 com  |4 edt  |9 238842 
918 |a 979-0-68503-009-6 
999 |c 857772  |d 859702 
952 |a SNK  |b SNK  |y PREZ  |7 0  |p 17A1176394  |o snkHSB 4587  |i snk2015/33559  |8 0  |3 Dokument obsahuje voľnú príl. - part pre II. husle  |0 0  |1 0  |4 0  |d 2015-12-15  |l 0  |r 2026-02-24 05:02:12  |w 2026-02-24 
952 |a SNK  |b SNK  |y PREZ  |7 0  |p 17A1176395  |o snkHSB 4587/príl.  |i snk2015/33559  |8 0  |z Príl. : part pre II. husle  |0 0  |1 0  |4 0  |d 2015-12-15  |l 0  |r 2026-02-24 05:02:12  |w 2026-02-24